000
00465nam a22001337a 4500
003
SGT
020
_a
97881864001184
082
_a
891.4309
_b
S10G
100
_a
गोयनका, कमल किशोर
245
_a
सचल तीर्थ वागर्थ : निशांतकेतु सत्कार स्वसित ग्रन्थ
260
_b
निर्मल पब्लिकेशंस
_c
2010
300
_a
938
942
_2
ddc
_c
BK
999
_c
31431
_d
31431